Menaxhimi i riskut të IT-së dhe SI-së në sistemin bankar (Record no. 54690)
[ view plain ]
| 000 -LEADER | |
|---|---|
| fixed length control field | 00306nam a22001217a 4500 |
| 008 - FIXED-LENGTH DATA ELEMENTS--GENERAL INFORMATION | |
| fixed length control field | 190311b xxu||||| |||| 00| 0 eng d |
| 041 ## - LANGUAGE CODE | |
| Language code of text/sound track or separate title | eng |
| 080 ## - UNIVERSAL DECIMAL CLASSIFICATION NUMBER | |
| Universal Decimal Classification number | 043.3 |
| 100 ## - Rafti | |
| Rafti | 0 |
| 101 ## - Shkurtesa | |
| Shkurtesa | SHKI-BA |
| 245 ## - TITLE STATEMENT | |
| Title | Menaxhimi i riskut të IT-së dhe SI-së në sistemin bankar |
| Statement of responsibility, etc | Perçuku,D |
| 942 ## - ADDED ENTRY ELEMENTS (KOHA) | |
| Source of classification or shelving scheme | |
| Item type | Books |
| Withdrawn status | Lost status | Source of classification or shelving scheme | Damaged status | Not for loan | Collection code | Permanent location | Current location | Shelving location | Date acquired | Total Checkouts | Full call number | Barcode | Date last seen | Price effective from | Koha item type |
|---|---|---|---|---|---|---|---|---|---|---|---|---|---|---|---|
| Koleksioni i përgjithshem | UBT - Lipjan | UBT - Lipjan | Disertacionet | 03/11/2019 | 043.3 Perçuku,D 2018 | 002-3023590 | 03/11/2019 | 03/11/2019 | Dissertation | ||||||
| Koleksioni i përgjithshem | UBT - Lipjan | UBT - Lipjan | Disertacionet | 03/11/2019 | 043.3 Perçuku,D 2018 | 002-3023591 | 03/11/2019 | 03/11/2019 | Dissertation | ||||||
| Koleksioni i përgjithshem | UBT - Lipjan | UBT - Lipjan | Disertacionet | 03/11/2019 | 043.3 Perçuku,D 2018 | 002-3023592 | 03/11/2019 | 03/11/2019 | Dissertation |